| 000 | 01017nam a2200205 i 4500 | ||
|---|---|---|---|
| 001 | 165544 | ||
| 003 | ES-MaACL | ||
| 005 | 20250930063147.0 | ||
| 008 | 050825s1841 fr a | |||||||| ||fre d | ||
| 080 | _a94(438)"1795/1830" | ||
| 100 | 1 |
_aSoltyk, Roman, _d1791-1843 _9176188 |
|
| 245 | 1 | 0 |
_aRelation des opérations de l'armée aux ordres du prince Joseph Poniatowski pendant la campagne de 1809 en Pologne contre les autrichiens... / _cpar Roman Soltyk. |
| 260 |
_aParis : _bImp. et librairie militaire de Gaultier-Laguionie, _c1841. |
||
| 300 |
_a403 p., [1] h. de lám., [1] h. pleg. de mapa ; _c22 cm. |
||
| 599 | _aLám.: retrato de Joseph Poniatowski; Mapa: "Tableau des batailles et combats livrés par l'armée Polonaise contre les Autrichiens en 1809" | ||
| 600 | 1 | 4 |
_aPoniatowski, Józef Antoni, _cPrince ( _d1763-1813) _9176189 |
| 651 | 4 |
_aPolonia- _xHistoria- _y1795-1830. _9176187 |
|
| 852 | 4 |
_aES-MaACL _jG-4793 _z- Enc. hol. _z- Legado Modesto Lafuente |
|
| 999 |
_c165544 _d165544 |
||